000 00324nam a2200121Ia 4500
008 210430s9999 xx 000 0 und d
082 _a301 B482 I
100 _aAlvin L Bertrand
245 _aBasic Sociology
_cAlvin L Bertrand
260 _aIslamabad
_bNational Book Foundation
_c1967
300 _a452p.
942 _cBK
_2ddc
999 _c565510
_d565510